01066nam a2200265 a 450000100060000000300080000600500170001400800410003103500200007204000280009204100080012005100630012808200260019110000480021724501380026526001020040330000260050550000190053165000590055065000160060965000310062565100290065671000640068585600510074950877BD-RjUL20211209075558.0160828s1915 ctu 001 0 eng  a(BD-RjUL) 50997 aDLCcCarPdBD-RjULbeng aeng cIn dust jacket. From the library of Oliver Wendell Holmes. 223a973.913bCLE 19151 aClapp, Edwin J.q(Edwin Jones),d1881-1930.10aEconomic aspects of the war :bneutral rights, belligerent claims and American commerce in the years 1914-1915 /cby Edwin J. Clapp.i aNew Haven :bYale University Press ;aLondon :bHumphrey Milford, Oxford University Press,cc1915 axiv, 340 p. ;c21 cm. aIncludes index 0aWorld War, 1914-1918xEconomic aspectszUnited States. 0aNeutrality. 0aNeutralityzUnited States. 0aUnited StatesxCommerce.2 aOliver Wendell Holmes Collection (Library of Congress)5DLC41uhttp://hdl.loc.gov/loc.gdc/scd0001.00076928964